01104nam a2200265 a 4500001001000000003000900010005001700019008004100036040002500077049000900102082002400111110010900135245005600244260007000300300002100370650004900391650003500440650006200475650005700537710005400594910003700648942001400685952012200699999001700821000027195DO-SdBNP20250113131851.0091209s1978 dr 001 0 spa d aDO-SdBNPbspacBNPHU aBNPD a343.04bR426l, 19781 aRepública Domicana.bSecretaría de Estado de FinanzasbInstituto de Capacitación Tributaria95425410aLegislación económico tributaria :baño 1978. aSanto Domingo :bInstituto de Capacitación Tributaria,c[1978]. a336 p. ;c28 cm. 4aDerecho fiscalzRepública Dominicana98288 0aProcedimiento tributario98289 4aImpuestosxAdministraciónzRepública Dominicana98290 4aDerecho administrativozRepública Dominicana912032 aOrganización de los Estados Americanos 917918 aValidado. Control de calidad EMS 2ddccLBS1 0010718PDaPDbPDcHDd2011-03-30iLF1l0o343.04 R426l, 1978p27195-10r2020-06-25w2020-06-25yLFPDZNo se presta c26687d26687